00600nam a2200205Ia 4500003000400000005001700004008004100021020001800062040000700080041000800087082001500095100002900110245004400139260002000183300000900203650002000212942001300232999001900245952013000264OSt20251205110409.0250729s2005 xx 000 0 und d a9788171414000 cAL aeng a420.7 MUKA aMukalel C Joseph9225764 aApproaches to english language teaching aNew Delhic2005 a218p aEnglish9225765 2ddccBED c237065d237065 00104070aALbALd2025-07-29eSita Book Houseg145.00l0o420.7 MUKApBED02384r2025-07-29 16:55:21v145.00w2025-07-29yBK